[Event "Imola op 3rd"]
[Site "Imola"]
[Date "2021.12.08"]
[Round "4"]
[White "Verre, Gaetano"]
[Black "Pecci, William"]
[Result "0-1"]
[WhiteElo "1845"]
[BlackElo "1978"]
[PlyCount "70"]
[EventDate "2021.12.06"]
[EventType "swiss"]
[EventRounds "5"]
[EventCountry "ITA"]
[SourceTitle "CBM 205 Extra"]
[Source "ChessBase"]
[SourceDate "2022.01.31"]
[SourceVersion "1"]
[SourceVersionDate "2022.01.31"]
[SourceQuality "1"]

1. c4 e6 2. Nc3 d5 3. cxd5 exd5 4. d4 Nf6 5. Bg5 Nbd7 6. Nf3 Be7 7. e3 c6 8. Bd3 0-0 9. 0-0 Re8 10. Qc2 Nf8 11. Rab1 Be6 12. b4 Rc8 13. Rfc1 Ng6 14. Na4 b6 15. a3 Ne4 16. Bxe7 Rxe7 17. Rb2 Nd6 18. Qb3 b5 19. Nc5 Nc4 20. Ra2 Bg4 21. Be2 Qd6 22. h3 Bxf3 23. Bxf3 Nh4 24. Qd1 Qh6 25. Be2 Qg5 26. Bf1 h5 27. a4 bxa4 28. Nxa4 Re6 29. g3 Nxe3 30. fxe3 Qxe3+ 31. Kh2 Nf3+ 32. Kg2 Qg1+ 33. Kxf3 Re3+ 34. Kf4 Qxg3+ 35. Kf5 g6+ 0-1

[Event "Imola op 3rd"]
[Site "Imola"]
[Date "2021.12.07"]
[Round "2"]
[White "Agostini, Maurizio"]
[Black "Verre, Gaetano"]
[Result "0-1"]
[WhiteElo "1972"]
[BlackElo "1845"]
[PlyCount "90"]
[EventDate "2021.12.06"]
[EventType "swiss"]
[EventRounds "5"]
[EventCountry "ITA"]
[SourceTitle "CBM 205 Extra"]
[Source "ChessBase"]
[SourceDate "2022.01.31"]
[SourceVersion "1"]
[SourceVersionDate "2022.01.31"]
[SourceQuality "1"]

1. d4 f5 2. g3 e6 3. Bg2 Nf6 4. c4 d5 5. Nh3 c6 6. 0-0 Bd6 7. Bf4 0-0 8. Nc3 Bxf4 9. Nxf4 Qe7 10. Qc2 Nbd7 11. Rab1 g5 12. Nh3 Nh5 13. f4 gxf4 14. Nxf4 Ndf6 15. Nxh5 Nxh5 16. Qd2 Qg7 17. cxd5 exd5 18. e3 Bd7 19. b4 a6 20. a4 Rae8 21. b5 axb5 22. axb5 Qh6 23. bxc6 bxc6 24. Rb7 Nf6 25. Re1 Rf7 26. Na4 Ng4 27. h3 Nxe3 28. Nc5 Bc8 29. Rxf7 Kxf7 30. Qa5 Qd6 31. Kf2 f4 32. Bf3 fxg3+ 33. Kg1 Re7 34. Nd3 Nc4 35. Qc3 Bxh3 36. Ne5+ Nxe5 37. dxe5 Qh6 38. Qd4 Bf5 39. Bg2 Bc8 40. Qd3 Qg6 41. Qf3+ Kg8 42. Qa3 Rf7 43. Qa8 Qg4 44. e6 Qd4+ 45. Kh1 Qh4+ 0-1

[Event "Napoli Winter Cup 1st"]
[Site "Napoli"]
[Date "2017.02.09"]
[Round "4"]
[White "Verre, Gaetano"]
[Black "Esposito, Pino"]
[Result "0-1"]
[WhiteElo "1457"]
[BlackElo "1746"]
[PlyCount "52"]
[EventDate "2017.01.19"]
[EventType "swiss"]
[EventRounds "5"]
[EventCountry "ITA"]
[SourceTitle "EXT 2018"]
[Source "ChessBase"]
[SourceDate "2017.10.13"]
[SourceVersion "1"]
[SourceVersionDate "2017.10.13"]
[SourceQuality "1"]

1. e4 c5 2. Nf3 d6 3. d4 cxd4 4. Nxd4 Nf6 5. Nc3 a6 6. Bc4 e6 7. Be3 Qc7 8. Bb3 Be7 9. 0-0 Nc6 10. Qe2 Bd7 11. Rad1 Na5 12. Qf3 Nc4 13. Bxc4 Qxc4 14. Qe2 Qc7 15. Nb3 b5 16. a3 0-0 17. Bf4 e5 18. Bg5 Be6 19. Rd2 Bc4 20. Qd1 Bxf1 21. Kxf1 Rad8 22. Bxf6 gxf6 23. Qg4+ Kh8 24. Nd5 Qd7 25. Qf3 Qe6 26. Nc7 Qc4+ 0-1

[Event "Napoli Autunno Vomero op-B"]
[Site "Napoli"]
[Date "2016.09.29"]
[Round "4"]
[White "Verre, Gaetano"]
[Black "Caporali, Dante"]
[Result "0-1"]
[WhiteElo "1387"]
[BlackElo "1667"]
[PlyCount "72"]
[EventDate "2016.09.08"]
[EventType "swiss"]
[EventRounds "7"]
[EventCountry "ITA"]
[SourceTitle "EXT 2018"]
[Source "ChessBase"]
[SourceDate "2017.10.13"]
[SourceVersion "1"]
[SourceVersionDate "2017.10.13"]
[SourceQuality "1"]

1. e4 e6 2. d4 d5 3. exd5 exd5 4. Nc3 Nf6 5. Nf3 Bd6 6. Be2 0-0 7. 0-0 a6 8. Bg5 Be6 9. Ne5 h6 10. Bh4 Be7 11. Bf3 Nbd7 12. Qd2 b5 13. a3 Nxe5 14. dxe5 Nd7 15. Bxe7 Qxe7 16. Nxd5 Bxd5 17. Bxd5 Rad8 18. Qe2 Qxe5 19. Qxe5 Nxe5 20. Bb3 c5 21. f4 Nc6 22. a4 Nd4 23. axb5 axb5 24. Rf2 Nxb3 25. cxb3 Rd3 26. Rc1 Rxb3 27. Rxc5 Ra8 28. Rc1 Ra2 29. Rb1 Rb4 30. Kf1 Rba4 31. Ke2 Re4+ 32. Kd3 Raa4 33. g3 Rad4+ 34. Kc2 b4 35. b3 Re3 36. Ra1 Rc3+ 0-1

[Event "Napoli Moscarella Memorial"]
[Site "Napoli"]
[Date "2016.02.04"]
[Round "5"]
[White "Verre, Gaetano"]
[Black "Guglielmi, Domenico Donato"]
[Result "0-1"]
[WhiteElo "1384"]
[BlackElo "1513"]
[PlyCount "88"]
[EventDate "2016.01.07"]
[EventType "swiss"]
[EventRounds "6"]
[EventCountry "ITA"]
[SourceTitle "EXT 2018"]
[Source "ChessBase"]
[SourceDate "2017.10.13"]
[SourceVersion "1"]
[SourceVersionDate "2017.10.13"]
[SourceQuality "1"]

1. c4 e6 2. g3 Nf6 3. Bg2 c6 4. Nc3 d5 5. b3 Be7 6. Nf3 0-0 7. 0-0 h6 8. e3 Nbd7 9. d4 Rb8 10. a4 Bb4 11. Qd2 Ne4 12. Qc2 Bxc3 13. Ra2 Ba5 14. Ba3 Re8 15. Ne1 Nd2 16. Bd6 Ra8 17. b4 Nxf1 18. bxa5 Nxe3 19. fxe3 Qxa5 20. Nd3 Nf6 21. Bb4 Qd8 22. c5 Ne4 23. Ne5 Qg5 24. Qd3 f6 25. Nf3 Qg6 26. Nh4 Qh7 27. Bf3 Ng5 28. Qxh7+ Kxh7 29. Bh5 Rd8 30. Ba5 Rd7 31. Ng6 Kg8 32. h4 Ne4 33. Kg2 f5 34. Nf4 Nf6 35. Bf3 Rb8 36. Nxe6 b6 37. Rb2 Ba6 38. cxb6 axb6 39. Rxb6 Rxb6 40. Bxb6 Re7 41. Nc5 Bc4 42. Kf2 Ne4+ 43. Bxe4 fxe4 44. Ke1 Rf7 0-1

[Event "Napoli Moscarella Memorial"]
[Site "Napoli"]
[Date "2016.01.28"]
[Round "4"]
[White "Somma, Erminio"]
[Black "Verre, Gaetano"]
[Result "1-0"]
[WhiteElo "1532"]
[BlackElo "1384"]
[PlyCount "33"]
[EventDate "2016.01.07"]
[EventType "swiss"]
[EventRounds "6"]
[EventCountry "ITA"]
[SourceTitle "EXT 2018"]
[Source "ChessBase"]
[SourceDate "2017.10.13"]
[SourceVersion "1"]
[SourceVersionDate "2017.10.13"]
[SourceQuality "1"]

1. d4 d6 2. e4 g6 3. Nf3 Bg7 4. c3 Nf6 5. Bd3 0-0 6. 0-0 e6 7. Bg5 h6 8. Be3 Re8 9. Qd2 Kh7 10. Qc2 e5 11. dxe5 dxe5 12. Bc4 Re7 13. Rd1 Nbd7 14. Bc5 Re8 15. Bxf7 Rh8 16. Nxe5 Nxe4 17. Bxg6+ 1-0

[Event "Napoli Sociale-ch"]
[Site "Napoli"]
[Date "2015.11.19"]
[Round "3"]
[White "Verre, Gaetano"]
[Black "Somma, Erminio"]
[Result "0-1"]
[WhiteElo "1449"]
[BlackElo "1512"]
[PlyCount "70"]
[EventDate "2015.11.05"]
[EventType "swiss"]
[EventRounds "7"]
[EventCountry "ITA"]
[SourceTitle "EXT 2018"]
[Source "ChessBase"]
[SourceDate "2017.10.13"]
[SourceVersion "1"]
[SourceVersionDate "2017.10.13"]
[SourceQuality "1"]

1. c4 f5 2. g3 g6 3. Bg2 Nf6 4. Nf3 Bg7 5. Nc3 d6 6. d4 c6 7. Bf4 0-0 8. Qb3 Kh8 9. c5 d5 10. 0-0 Nbd7 11. Ng5 Nb8 12. Qa3 h6 13. Nf3 Nbd7 14. b4 b5 15. Nd2 Ne4 16. Ndxe4 fxe4 17. Rad1 g5 18. Bd2 e5 19. dxe5 Nxe5 20. Qb3 Be6 21. Nxe4 Nc4 22. Nc3 Qd7 23. Bc1 Bh3 24. e4 Bxg2 25. Kxg2 Qf7 26. f4 gxf4 27. Rxf4 Qe7 28. exd5 Rxf4 29. Bxf4 Ne3+ 30. Bxe3 Qxe3 31. Nb1 Qe2+ 32. Kg1 Rf8 33. Qd3 Rf1+ 34. Rxf1 Qxd3 35. dxc6 Bd4+ 0-1

[Event "Napoli Giglio Memorial"]
[Site "Napoli"]
[Date "2015.09.17"]
[Round "2"]
[White "Verre, Gaetano"]
[Black "Marchesini, Giulia"]
[Result "1-0"]
[WhiteElo "1449"]
[BlackElo "1332"]
[PlyCount "57"]
[EventDate "2015.09.10"]
[EventType "swiss"]
[EventRounds "4"]
[EventCountry "ITA"]
[SourceTitle "EXT 2024"]
[Source "ChessBase"]
[SourceDate "2023.10.10"]
[SourceVersion "1"]
[SourceVersionDate "2023.10.10"]
[SourceQuality "1"]

1. c4 e5 2. g3 Nf6 3. Bg2 Bc5 4. Nc3 Ng4 5. d3 d6 6. e3 c6 7. b3 Be6 8. h3 Nf6 9. Nf3 Bb4 10. Bb2 Nbd7 11. a3 Bxc3+ 12. Bxc3 c5 13. b4 e4 14. Ng5 d5 15. dxe4 dxe4 16. Nxe4 Bxc4 17. Nd6+ Kf8 18. Nxc4 Qe7 19. 0-0 Rd8 20. Qc2 b6 21. Rfd1 Qe6 22. Nd2 Ne5 23. Nf3 Nxf3+ 24. Bxf3 Ke7 25. Bg2 Rd6 26. Rxd6 Qxd6 27. Rd1 Qe6 28. Qd2 Rd8 29. Qxd8# 1-0